000 00253nam a2200109Ia 4500
008 240624s9999 xx 000 0 und d
041 _aeng
082 _a920 MEH
100 _aMEHTA VINOD
245 _aSANJAY STORY
260 _c2012
_aNoida
_bHarper Collins
999 _c21500
_d21500